Statistics for Monopoly Board Spaces UK

Click here to take the quiz!

General Stats

  • This quiz has been taken 31 times
    (22 since last reset)
  • The average score is 25 of 40

Answer Stats

HintAnswer% Correct
BrownOld Kent Road
90%
Go
80%
Dark blueMayfair
80%
PinkPall Mall
80%
Chance
75%
Chance
75%
Chance
75%
Community Chest
75%
Community Chest
75%
Community Chest
75%
Go To Jail
75%
Jail
75%
StationKings Cross Station
70%
UtilityWater Works
70%
Income tax
65%
GreenOxford Street
65%
Dark bluePark Lane
65%
YellowPiccadilly
65%
RedTrafalgar Square
65%
OrangeVine Street
65%
GreenBond Street
60%
UtilityElectric Company
60%
StationLiverpool Street Station
60%
StationMarylebone Station
60%
GreenRegent Street
60%
Super Tax
60%
Light blueThe Angel Islington
60%
Free Parking
55%
RedStrand
55%
BrownWhitechapel Road
55%
OrangeBow Street
50%
StationFenchurch Street Station
50%
RedFleet Street
50%
PinkWhitehall
50%
Light blueEuston Road
45%
YellowCoventry Street
40%
YellowLeicester Square
40%
OrangeMarlborough Street
40%
Light bluePentonville Road
40%
PinkNorthumberland Avenue
35%

Score Distribution

Percentile by Number Answered

Percent of People with Each Score

Your Score History

You have not taken this quiz since the last reset